000 00701nam a2200217Ii 4500
003 JO-AjNU
008 230605s9999||||xx |||||||||||||| ||und||
017 _a95/8696
020 _a977-212-016-X
040 _aJO-AjNU
_bara
_erda
_cJO-AjNU
041 _aara
050 1 4 _aBF311.M83.1997
100 3 _aسالم،محمد عزيز نظمي ,
_eauthor
_98740
245 0 0 _aمناهج تفسير المعرفة =Explanation of Knowledge
264 3 1 _aالاسكندرية:مؤسسة شباب الجامعة ،1997
300 _a221ص
336 _atext
_btxt
_2rdacontent
337 _aunmediated
_bn
_2rdamedia
338 _avolume
_bnc
_2rdacarrier
650 4 _aمعرفة-فلسفة-مذاهب
_98741
999 _aA943
_c4511
_d4511